Logické řízení technologických procesů
Gespeichert in:
| Format: | Buch |
|---|---|
| Sprache: | Tschechisch |
| Veröffentlicht: |
Praha
Státní nakladatelství technické literatury
1986
|
| Schriftenreihe: | Knižnice automatizace
sv. 79 |
| Tags: |
Keine Tags, Fügen Sie das erste Tag hinzu!
|
MARC
| LEADER | 00000nam a2200000 4500 | ||
|---|---|---|---|
| 001 | c024362 | ||
| 005 | 20250930080712.7 | ||
| 041 | 0 | |a cze | |
| 044 | |a CZ | ||
| 245 | 1 | 0 | |a Logické řízení technologických procesů |
| 264 | 1 | |a Praha |b Státní nakladatelství technické literatury |c 1986 | |
| 300 | |a 284 s. |e príl. | ||
| 490 | 1 | |a Knižnice automatizace |v sv. 79 | |
| 830 | 0 | |a Knižnice automatizace |v sv. 79 | |